| 000 | 01321nam a2200361 a 4500 | ||
|---|---|---|---|
| 999 |
_c204140 _d204140 |
||
| 003 | BLK | ||
| 005 | 20250707105229.0 | ||
| 008 | 180411b bul|||||r ||||||| ||bul|| | ||
| 010 | _aKNG00213688000 | ||
| 020 | _a978-954-320-584-4 | ||
| 040 | _aBLK | ||
| 041 |
_aBUL _cBUL |
||
| 072 | 7 |
_2bullib _aН86 _xДетска отраслова литература Н |
|
| 080 |
_aХранителни продукти. Приготвяне на храната _b641 _x:087.5(02.053.2) _z641:087.5(02.053.2) |
||
| 139 |
_aМама и аз готвим _bМ 24 |
||
| 245 | 1 | 0 |
_aМама и аз готвим _bГотвим и учим заедно |
| 257 | _aBGR | ||
| 260 |
_aСофия _bРива _c2016 _fСловакия |
||
| 300 |
_a80 с. _bс цв. ил. _c29 см |
||
| 380 | _aDN | ||
| 500 | _aОриг. загл.: Mommy and me start cooking. - Прев. от англ. ез. - Азб. показалец. | ||
| 650 | 4 |
_aГотварство _9152335 |
|
| 653 | _aрецепти | ||
| 653 | _aдесерти | ||
| 659 | _aН | ||
| 852 | _aЦб ІІ 22070 | ||
| 856 | 4 |
_qpdf _i0.00 _ldisable |
|
| 856 | 4 |
_qpdf _i0.00 _ldisable |
|
| 942 |
_cKNG _n0 _s1 _029 |
||
| 944 |
_aCR _c26.10.2017 _k30564 _lАнна Гръцманова |
||
| 944 |
_aED _c13.12.2017 _kГрета_Цуфелде |
||
| 999 | _d204140 | ||